NBA All Star MVP's - Statistics

General Stats
  • This quiz has been taken 13,698 times
    13,512 since last reset
  • The average score is 12 of 16
Answer Stats
Hint Answer % Correct
2008 LeBron James
96%
2006 LeBron James
96%
2009 Shaquille O'Neal and Kobe Bryant
95%
2011 Kobe Bryant
93%
2007 Kobe Bryant
93%
2002 Kobe Bryant
93%
1998 Michael Jordan
89%
2000 Tim Duncan and Shaquille O'Neal
87%
2004 Shaquille O'Neal
75%
2012 Kevin Durant
72%
2005 Allen Iverson
69%
2001 Allen Iverson
69%
2010 Dwyane Wade
65%
2003 Kevin Garnett
47%
2013 Chris Paul
45%
1997 Glen Rice
13%
No matching quizzes found
Score Distribution
Percent of People with Each Score
Percentile by Number Answered
Your Score History
You have not taken this quiz since the last reset